[Event "Bad Wiessee Senioren Cup 8th"]
[Site "Bad Wiessee"]
[Date "2019.05.14"]
[Round "4"]
[White "Payen, Gerard"]
[Black "Mehlhorn, Dieter"]
[Result "0-1"]
[WhiteElo "1505"]
[BlackElo "1834"]
[PlyCount "90"]
[EventDate "2019.05.11"]
[EventType "swiss"]
[EventRounds "9"]
[EventCountry "GER"]
[SourceTitle "EXT 2020"]
[Source "ChessBase"]
[SourceDate "2019.10.17"]
[SourceVersion "1"]
[SourceVersionDate "2019.10.17"]
[SourceQuality "1"]

1. e4 e5 2. Nf3 Nf6 3. Nxe5 d6 4. Nf3 Nxe4 5. d4 d5 6. Bd3 Bg4 7. 0-0 Be7 8. Bf4 0-0 9. Nbd2 Nd6 10. c3 Nd7 11. Qc2 Nf6 12. Ne5 Be6 13. Bg5 h6 14. Bh4 Rc8 15. Rac1 c5 16. Qd1 cxd4 17. cxd4 Qb6 18. Nb3 Rxc1 19. Qxc1 Re8 20. Qd2 Nf5 21. Bxf6 Bxf6 22. Re1 Nd6 23. Nc5 Rd8 24. Nxe6 fxe6 25. b3 Nf7 26. Nf3 Qd6 27. g3 Rc8 28. Rc1 Rxc1+ 29. Qxc1 Nd8 30. Qc5 Qxc5 31. dxc5 e5 32. Bb5 Kf7 33. Kf1 a5 34. Ke2 Ke6 35. h4 Be7 36. Nd2 Bxc5 37. f3 Kd6 38. Be8 Ne6 39. g4 Nd4+ 40. Kf1 Bb4 41. Nb1 Nxf3 42. h5 Nd2+ 43. Nxd2 Bxd2 44. Ke2 Bg5 45. Bb5 Kc5 0-1

[Event "Bad Wiessee Senioren Cup 8th"]
[Site "Bad Wiessee"]
[Date "2019.05.11"]
[Round "1"]
[White "Titz, Herbert"]
[Black "Payen, Gerard"]
[Result "1-0"]
[WhiteElo "1863"]
[BlackElo "1505"]
[PlyCount "91"]
[EventDate "2019.05.11"]
[EventType "swiss"]
[EventRounds "9"]
[EventCountry "GER"]
[SourceTitle "EXT 2020"]
[Source "ChessBase"]
[SourceDate "2019.10.17"]
[SourceVersion "1"]
[SourceVersionDate "2019.10.17"]
[SourceQuality "1"]

1. e4 e6 2. d4 d5 3. Nd2 Nf6 4. e5 Nfd7 5. c3 c5 6. Bd3 Nc6 7. Ne2 cxd4 8. cxd4 f6 9. exf6 Nxf6 10. Nf3 Bd6 11. Bf4 Bxf4 12. Nxf4 0-0 13. 0-0 Ne4 14. Ne2 Rxf3 15. gxf3 Qg5+ 16. Kh1 Nf6 17. Rg1 Qh4 18. Rg2 e5 19. Qd2 Nxd4 20. Nxd4 exd4 21. Qg5 Qxg5 22. Rxg5 g6 23. Rd1 Be6 24. Bb1 Rc8 25. Rxd4 Rc1+ 26. Rg1 Rxg1+ 27. Kxg1 Kg7 28. Kf1 Nd7 29. Ke2 Nb6 30. Rb4 Kf6 31. b3 Bd7 32. Rf4+ Bf5 33. Ke3 Ke5 34. Bxf5 g5 35. Rg4 Kxf5 36. h4 h6 37. hxg5 hxg5 38. Rb4 Ke5 39. f4+ gxf4+ 40. Rxf4 a5 41. Rh4 Nc8 42. Rh5+ Ke6 43. Kd4 Ne7 44. Re5+ Kd6 45. Rxe7 Kxe7 46. Kxd5 1-0

[Event "Le Touquet op 26th"]
[Site "Le Touquet"]
[Date "2011.10.24"]
[Round "3"]
[White "Bellaiche, Elise"]
[Black "Payen, Gerard"]
[Result "1-0"]
[WhiteElo "1924"]
[BlackElo "1750"]
[PlyCount "111"]
[EventDate "2011.10.22"]
[EventType "swiss"]
[EventRounds "9"]
[EventCountry "FRA"]
[SourceTitle "EXT 2012"]
[Source "ChessBase"]
[SourceDate "2011.11.24"]
[SourceVersion "1"]
[SourceVersionDate "2011.11.24"]
[SourceQuality "1"]

1. e4 e6 2. d4 d5 3. Nc3 Bb4 4. e5 c5 5. Bd2 cxd4 6. Nb5 Bc5 7. Qg4 Ne7 8. Qxg7 Rg8 9. Qxh7 a6 10. b4 axb5 11. bxc5 Bd7 12. Nf3 Nbc6 13. Bxb5 Qc7 14. Bxc6 Bxc6 15. 0-0 Kd7 16. Bg5 Raf8 17. Bf6 Rg6 18. Ng5 Ke8 19. f4 Nf5 20. Nxe6 Qc8 21. Nxf8 Kxf8 22. Bg5 Bd7 23. Qh8+ Rg8 24. Qf6 Rg6 25. Qd8+ Qxd8 26. Bxd8 Ne3 27. Rf2 Bh3 28. Bg5 Bf5 29. Rc1 Rc6 30. Rd2 Rxc5 31. Rxd4 Nxc2 32. Rd2 Be4 33. Kf2 Kg7 34. Bf6+ Kf8 35. g4 Rc3 36. Rdxc2 Bxc2 37. e6 Rc6 38. e7+ Ke8 39. g5 Rc4 40. Ke3 d4+ 41. Bxd4 Kxe7 42. f5 b5 43. Rf1 Kd6 44. g6 fxg6 45. fxg6 Kd5 46. g7 Bh7 47. Rf5+ Ke6 48. Rxb5 Rc8 49. a4 Kf7 50. a5 Ra8 51. Rh5 Kg8 52. Re5 Bg6 53. Re6 Kf7 54. Rf6+ Kg8 55. Rxg6 Rxa5 56. Rh6 1-0

[Event "Le Touquet op 26th"]
[Site "Le Touquet"]
[Date "2011.10.24"]
[Round "4"]
[White "Vigneron, Quentin"]
[Black "Payen, Gerard"]
[Result "1-0"]
[WhiteElo "2000"]
[BlackElo "1750"]
[PlyCount "99"]
[EventDate "2011.10.22"]
[EventType "swiss"]
[EventRounds "9"]
[EventCountry "FRA"]
[SourceTitle "EXT 2012"]
[Source "ChessBase"]
[SourceDate "2011.11.24"]
[SourceVersion "1"]
[SourceVersionDate "2011.11.24"]
[SourceQuality "1"]

1. e4 e6 2. d4 d5 3. Nc3 Bb4 4. Bd3 dxe4 5. Bxe4 Nf6 6. Bd3 Bd7 7. Nf3 Bc6 8. 0-0 Bxc3 9. bxc3 Be4 10. Ba3 c6 11. Re1 Bxd3 12. cxd3 Nbd7 13. Qb3 Qb6 14. Qc4 Qb5 15. Qxb5 cxb5 16. Rab1 a6 17. c4 b6 18. d5 Nc5 19. Bxc5 bxc5 20. dxe6 0-0 21. exf7+ Rxf7 22. cxb5 axb5 23. Rxb5 Rxa2 24. Rxc5 Ra8 25. h3 h6 26. Rec1 Re7 27. Rc8+ Rxc8 28. Rxc8+ Kf7 29. Rc2 Nd5 30. g3 Nb4 31. Rd2 Nc6 32. Kg2 Kf6 33. d4 Rd7 34. Rb2 Ke6 35. Rb6 Rd6 36. g4 Kd5 37. Rb7 g6 38. Rb6 Ke6 39. Ne5 Nxe5 40. Rxd6+ Kxd6 41. dxe5+ Kxe5 42. Kf3 g5 43. Ke3 Ke6 44. Ke4 Kf6 45. Kd5 Kg6 46. Ke5 h5 47. Ke6 hxg4 48. hxg4 Kg7 49. Kf5 Kh6 50. Kf6 1-0

[Event "Le Touquet op 26th"]
[Site "Le Touquet"]
[Date "2011.10.23"]
[Round "2"]
[White "Payen, Gerard"]
[Black "Renard, Stephane"]
[Result "0-1"]
[WhiteElo "1750"]
[BlackElo "1979"]
[PlyCount "118"]
[EventDate "2011.10.22"]
[EventType "swiss"]
[EventRounds "9"]
[EventCountry "FRA"]
[SourceTitle "EXT 2012"]
[Source "ChessBase"]
[SourceDate "2011.11.24"]
[SourceVersion "1"]
[SourceVersionDate "2011.11.24"]
[SourceQuality "1"]

1. e4 c5 2. c3 d5 3. exd5 Qxd5 4. d4 Nc6 5. Nf3 Bg4 6. Be2 cxd4 7. cxd4 e6 8. 0-0 Nf6 9. Nc3 Qa5 10. Be3 Be7 11. a3 Nd5 12. Nxd5 Qxd5 13. Rc1 0-0 14. h3 Bh5 15. Qc2 Bg6 16. Bd3 Bxd3 17. Qxd3 Rfd8 18. Qc4 Bf6 19. Qxd5 Rxd5 20. b4 Rad8 21. Rc4 Nxd4 22. Nxd4 Bxd4 23. Bxd4 Rxd4 24. Rxd4 Rxd4 25. Rc1 g6 26. Rc7 Rd1+ 27. Kh2 Ra1 28. Rxb7 Rxa3 29. b5 h5 30. h4 Kg7 31. f4 Kf6 32. g3 Ra5 33. Kg2 a6 34. bxa6 Rxa6 35. Kf3 Ra3+ 36. Kg2 Ra8 37. Kf3 Re8 38. g4 hxg4+ 39. Kxg4 Re7 40. Rb6 Kg7 41. Rb5 f6 42. Ra5 e5 43. fxe5 fxe5 44. Kf3 e4+ 45. Ke3 Kf6 46. Rg5 Ra7 47. Rg4 Ra5 48. Kxe4 Kg7 49. Kf4 Kh6 50. Rg5 Rxg5 51. hxg5+ Kh5 52. Kg3 Kxg5 53. Kf2 Kf4 54. Kg2 Kg4 55. Kh2 Kf3 56. Kg1 Kg3 57. Kh1 g5 58. Kg1 g4 59. Kh1 Kf2 0-1

[Event "Le Touquet op-A 24th"]
[Site "Le Touquet"]
[Date "2009.10.24"]
[Round "1"]
[White "Payen, Gerard"]
[Black "Kieffer, Christian"]
[Result "0-1"]
[WhiteElo "1748"]
[BlackElo "2109"]
[PlyCount "58"]
[EventDate "2009.10.24"]
[EventType "swiss"]
[EventRounds "9"]
[EventCountry "FRA"]
[SourceTitle "EXT 2010"]
[Source "ChessBase"]
[SourceDate "2010.11.25"]
[SourceVersion "1"]
[SourceVersionDate "2010.11.25"]
[SourceQuality "1"]

1. e4 c5 2. c3 d6 3. d4 Nf6 4. Bb5+ Bd7 5. Bxd7+ Qxd7 6. dxc5 Nxe4 7. cxd6 Nc6 8. Nf3 Nxd6 9. 0-0 g6 10. Na3 Bg7 11. Nc2 0-0 12. Be3 Qc7 13. Ncd4 e5 14. Nxc6 Qxc6 15. Qe2 f5 16. Rad1 b6 17. Bc1 Rae8 18. Qc2 Nc4 19. b3 Nd6 20. Ba3 Rf6 21. Bxd6 Rxd6 22. Rxd6 Qxd6 23. Rd1 Qe7 24. c4 e4 25. Nd4 f4 26. f3 Bxd4+ 27. Rxd4 Qc5 28. Qf2 e3 29. Qb2 e2 0-1

[Event "FRA-chT2 West 0708"]
[Site "France"]
[Date "2007.12.16"]
[Round "4.7"]
[White "Payen, Gerard"]
[Black "Jouneau, Quentin"]
[Result "0-1"]
[WhiteElo "1782"]
[BlackElo "1970"]
[PlyCount "58"]
[EventDate "2007.10.21"]
[EventType "team"]
[EventRounds "11"]
[EventCountry "FRA"]
[SourceTitle "EXT 2009"]
[Source "ChessBase"]
[SourceDate "2008.11.26"]
[SourceVersion "1"]
[SourceVersionDate "2008.11.26"]
[SourceQuality "1"]
[WhiteTeam "Bagneux"]
[BlackTeam "Rennes Paul Bert"]
[WhiteTeamCountry "FRA"]
[BlackTeamCountry "FRA"]

1. e4 Nf6 2. Nc3 d5 3. exd5 Nxd5 4. Bc4 Nxc3 5. Bxf7+ Kxf7 6. Qf3+ Ke8 7. Qxc3 Nc6 8. Nf3 Bg4 9. 0-0 Qd5 10. Re1 Bxf3 11. gxf3 Qd4 12. Qb3 Qb6 13. Qd5 Rd8 14. Qf5 Nd4 15. Qd3 Qc6 16. Re4 Nxc2 17. Qf1 Nxa1 18. d4 Nc2 19. Be3 Nxe3 20. fxe3 Rd6 21. Rg4 Rg6 22. Qh3 Qc1+ 23. Kf2 Qd2+ 24. Kg3 Qe1+ 25. Kf4 Rf6+ 26. Ke4 Qb1+ 27. Kd5 Qf5+ 28. Kc4 Rc6+ 29. Kb4 e6+ 0-1

[Event "FRA-chT2B 0506"]
[Site "France"]
[Date "2005.11.19"]
[Round "2.8"]
[White "Trouville, Remi"]
[Black "Payen, Gerard"]
[Result "1/2-1/2"]
[WhiteElo "2031"]
[BlackElo "1800"]
[PlyCount "70"]
[EventDate "2005.10.27"]
[EventType "team-tourn"]
[EventRounds "11"]
[EventCountry "FRA"]
[SourceTitle "EXT 2006"]
[Source "ChessBase"]
[SourceDate "2005.11.24"]
[SourceVersion "1"]
[SourceVersionDate "2005.11.24"]
[SourceQuality "1"]
[WhiteTeam "Lille"]
[BlackTeam "Bagneux"]
[WhiteTeamCountry "FRA"]
[BlackTeamCountry "FRA"]

1. e4 e6 2. d4 d5 3. Nd2 Nf6 4. e5 Nfd7 5. Bd3 c5 6. c3 Nc6 7. Ne2 cxd4 8. cxd4 Qb6 9. Nf3 f6 10. exf6 Nxf6 11. 0-0 Bd6 12. Bf4 Bxf4 13. Nxf4 0-0 14. Rc1 Ne4 15. Nh5 e5 16. Rxc6 bxc6 17. Nxe5 Qxd4 18. Nxc6 Qc5 19. Qc2 Qxc2 20. Bxc2 Ba6 21. Rd1 g6 22. Ng3 Nxg3 23. hxg3 Bb7 24. Ne7+ Kg7 25. Nxd5 Rad8 26. Nc7 Rxd1+ 27. Bxd1 Rf7 28. Ne6+ Kf6 29. Bb3 Re7 30. Nc5 Bc8 31. Kf1 Re5 32. Na4 Ba6+ 33. Kg1 g5 34. Nc3 Bb7 35. Kf1 Ba6+ 1/2-1/2

[Event "FRA-chT2 0304"]
[Site "France"]
[Date "2004.03.14"]
[Round "9"]
[White "Sidhoum, Mohamed"]
[Black "Payen, Gerard"]
[Result "1-0"]
[WhiteElo "2157"]
[BlackElo "1780"]
[PlyCount "111"]
[EventDate "2003.10.??"]
[EventType "team"]
[EventRounds "11"]
[EventCountry "FRA"]
[SourceTitle "EXT 2005"]
[Source "ChessBase"]
[SourceDate "2004.11.15"]
[SourceVersion "1"]
[SourceVersionDate "2004.11.15"]
[SourceQuality "1"]

1. d4 d5 2. Nf3 Nf6 3. c4 e6 4. Bg5 Nbd7 5. Nc3 c6 6. e3 Be7 7. Rc1 Qa5 8. Bd3 dxc4 9. Bxc4 Ne4 10. Bxe7 Kxe7 11. 0-0 Nxc3 12. bxc3 Nf6 13. Qe2 Qh5 14. Qb2 Rd8 15. Qa3+ Ke8 16. Bd3 b6 17. h3 Qa5 18. Qxa5 bxa5 19. Ne5 Bd7 20. Be2 Rab8 21. Bf3 Rb6 22. Nc4 Rbb8 23. Nxa5 Rdc8 24. Rb1 Nd5 25. c4 Rxb1 26. Rxb1 Nb6 27. c5 Nd5 28. Rb7 Rc7 29. Rxc7 Nxc7 30. Bxc6 Bxc6 31. Nxc6 a6 32. Kf1 f6 33. Ke2 Kd7 34. Na5 Nd5 35. Kd2 f5 36. a3 g5 37. Nc4 h5 38. Ne5+ Kc7 39. f3 Nf6 40. Kd3 Nd5 41. Nf7 g4 42. hxg4 hxg4 43. fxg4 fxg4 44. Ne5 g3 45. Ng6 Nf6 46. Nf4 Kd7 47. Ne2 Kc6 48. Nxg3 e5 49. Ne4 Ng4 50. Nc3 a5 51. Ke4 exd4 52. exd4 Nf2+ 53. Kf5 Nd3 54. g4 Nc1 55. g5 Nb3 56. Ke5 1-0

[Event "FRA-chT2W 0203"]
[Site "France"]
[Date "2003.02.02"]
[Round "7"]
[White "Leroy, Didier"]
[Black "Payen, Gerard"]
[Result "1-0"]
[WhiteElo "2276"]
[BlackElo "1750"]
[PlyCount "37"]
[EventDate "2002.10.??"]
[EventType "team"]
[EventRounds "11"]
[EventCountry "FRA"]
[SourceTitle "EXT 2004"]
[Source "ChessBase"]
[SourceDate "2003.11.25"]
[SourceVersion "1"]
[SourceVersionDate "2003.11.25"]
[SourceQuality "1"]
[WhiteTeam "Evry"]
[BlackTeam "Bagneux"]
[WhiteTeamCountry "FRA"]
[BlackTeamCountry "FRA"]

1. e4 e6 2. Qe2 c5 3. Nf3 Nc6 4. g3 Nd4 5. Nxd4 cxd4 6. c3 Bc5 7. Qc4 Bb6 8. Bg2 e5 9. a4 d6 10. a5 Bc7 11. cxd4 Ne7 12. d5 0-0 13. b4 a6 14. d4 Ng6 15. Bb2 Qe7 16. 0-0 f5 17. Nd2 fxe4 18. dxe5 dxe5 19. d6+ 1-0